All NBA Finals Winners by Year - Statistics

General Stats
  • This quiz has been taken 67 times
  • The average score is 46 of 78
Answer Stats
Hint Answer % Correct
2024 Celtics
98%
2020 Lakers
92%
2023 Nuggets
92%
2019 Raptors
92%
2022 Warriors
90%
2018 Warriors
90%
2021 Bucks
88%
2017 Warriors
88%
2016 Cavaliers
84%
2015 Warriors
84%
2014 Spurs
82%
2008 Celtics
80%
2013 Heat
78%
2012 Heat
78%
2010 Lakers
78%
2009 Lakers
76%
1997 Bulls
73%
1996 Bulls
73%
1993 Bulls
73%
1992 Bulls
73%
1991 Bulls
73%
2002 Lakers
73%
2001 Lakers
73%
2000 Lakers
73%
2011 Mavericks
71%
1995 Rockets
71%
1998 Bulls
69%
1994 Rockets
69%
2007 Spurs
69%
1988 Lakers
65%
1987 Lakers
65%
1985 Lakers
65%
2004 Pistons
65%
2005 Spurs
65%
2003 Spurs
65%
1999 Spurs
65%
1986 Celtics
63%
1984 Celtics
63%
1990 Pistons
63%
2006 Heat
61%
1989 Pistons
61%
1982 Lakers
57%
1980 Lakers
57%
1981 Celtics
55%
1983 76ers
49%
1974 Celtics
49%
1966 Celtics
49%
1964 Celtics
49%
1962 Celtics
49%
1960 Celtics
49%
1976 Celtics
47%
1959 Celtics
47%
1957 Celtics
47%
1969 Celtics
45%
1965 Celtics
45%
1963 Celtics
45%
1961 Celtics
45%
1972 Lakers
43%
1968 Celtics
41%
1953 Lakers
41%
1952 Lakers
41%
1950 Lakers
41%
1971 Bucks
39%
1958 Hawks
39%
1973 Knicks
39%
1954 Lakers
39%
1975 Warriors
39%
1970 Knicks
37%
1949 Lakers
37%
1967 76ers
35%
1978 Bullets
35%
1977 Trail Blazers
35%
1947 Warriors
35%
1979 SuperSonics
31%
1956 Warriors
31%
1951 Royals
24%
1955 Nationals
20%
1948 Bullets
14%
No matching quizzes found
Score Distribution
Percent of People with Each Score
Percentile by Number Answered
Your Score History
You have not taken this quiz